Systems Programming (Record no. 6222)

MARC details
000 -LEADER
fixed length control field 00277nam a2200121Ia 4500
008 - FIXED-LENGTH DATA ELEMENTS--GENERAL INFORMATION
fixed length control field 191201s2014 xx 000 0 und d
100 ## - MAIN ENTRY--PERSONAL NAME
Personal name DHAMDHERE, D.M.
245 #0 - TITLE STATEMENT
Title Systems Programming
260 ## - PUBLICATION, DISTRIBUTION, ETC. (IMPRINT)
Place of publication, distribution, etc N. delhi
Name of publisher, distributor, etc TMH
Date of publication, distribution, etc 2014
300 ## - PHYSICAL DESCRIPTION
Extent 539
650 ## - SUBJECT ADDED ENTRY--TOPICAL TERM
Topical term or geographic name as entry element MCA
942 ## - ADDED ENTRY ELEMENTS (KOHA)
Source of classification or shelving scheme Dewey Decimal Classification
Koha item type Text Books
942 ## - ADDED ENTRY ELEMENTS (KOHA)
-- 1
Holdings
Withdrawn status Lost status Source of classification or shelving scheme Damaged status Not for loan Collection code Home library Current library Date acquired Source of acquisition Cost, normal purchase price Bill Number Total Checkouts Full call number Acc. no. / Barcode Date last seen Date last borrowed Actual Cost, discounted price Bill Date Koha item type
    Dewey Decimal Classification     MCA PIET C-LIBRARY PIET C-LIBRARY 02/09/2015 KIRTI PRAKASHAN, NEW DELHI 625.00 IN2169 1 005.43 DHS 25327 12/03/2020 28/02/2020 418.75 04/02/2015 Text Books
    Dewey Decimal Classification     MCA PIET C-LIBRARY PIET C-LIBRARY 02/09/2015 KIRTI PRAKASHAN, NEW DELHI 625.00 IN2169   005.43 DHS 25328 04/12/2019   418.75 04/02/2015 Text Books
    Dewey Decimal Classification     MCA PIET C-LIBRARY PIET C-LIBRARY 02/09/2015 KIRTI PRAKASHAN, NEW DELHI 625.00 IN2169   005.43 DHS 25329 04/12/2019   418.75 04/02/2015 Text Books
    Dewey Decimal Classification     MCA PIET C-LIBRARY PIET C-LIBRARY 02/09/2015 KIRTI PRAKASHAN, NEW DELHI 625.00 IN2169 1 005.43 DHS 25330 12/10/2021 02/01/2020 418.75 04/02/2015 Text Books
    Dewey Decimal Classification     MCA PIET C-LIBRARY PIET C-LIBRARY 02/09/2015 KIRTI PRAKASHAN, NEW DELHI 625.00 IN2169 1 005.43 DHS 25331 24/02/2020 05/02/2020 418.75 04/02/2015 Text Books

Design & Developed by: PIET Central Library
R70 Miles Stone Pattikalyana Samalkha Panipat 132102
mail ID :- [email protected], Phone No:- 0180-2569700 Ex.216